| 000 | 00593nam a2200217Ia 4500 | ||
|---|---|---|---|
| 005 | 20240403105006.0 | ||
| 008 | 131103s9999 xx 000 0 und d | ||
| 020 |
_a8171703348 _cRs.54.90 |
||
| 040 | _aLoreto College | ||
| 041 | _aEnglish | ||
| 082 |
_a428 _bPHA |
||
| 100 | _aPhabhu, K.M. | ||
| 245 |
_aEnjoy your english _b book 8 _cK.M. Phabhu and Francis P. Jayachandran |
||
| 260 |
_aBangalore _bFrank bros _c1997 |
||
| 300 |
_a152p. _b ill.pic. |
||
| 650 | _aEnglish reader | ||
| 651 | _aEnglish language | ||
| 700 | _aJayachandran, Francis P. | ||
| 850 | _aLCBED | ||
| 942 | _cBK | ||
| 999 |
_c29939 _d80418 |
||